|
|
|
|
| LEADER |
01164nam a2200301 a 4500 |
| 001 |
c000051108 |
| 003 |
CARM |
| 005 |
00000000000000.0 |
| 008 |
840216s1985 njua b 00110 eng |
| 019 |
1 |
|
|a 3113355
|z 12436454
|5 LACONCORD2021
|
| 020 |
|
|
|a 0130781894
|
| 035 |
|
|
|a (OCoLC)10484185
|5 LACONCORD2021
|
| 050 |
0 |
0 |
|a TA706
|b .G64 1985
|
| 100 |
1 |
|
|a Goodman, Richard E.
|
| 245 |
1 |
0 |
|a Block theory and its application to rock engineering /
|c Richard E. Goodman, Gen-hua Shi.
|
| 260 |
|
|
|a Englewood Cliffs, N.J. :
|b Prentice-Hall,
|c c1985.
|
| 300 |
|
|
|a xiv, 338 p. :
|b ill. ;
|c 24 cm.
|
| 440 |
|
0 |
|a Prentice-Hall international series in civil engineering and engineering mechanics
|
| 500 |
|
|
|a Includes index.
|
| 504 |
|
|
|a Bibliography: p. 331-333.
|
| 650 |
|
0 |
|a Rock mechanics.
|
| 650 |
|
0 |
|a Block theory (Rock mechanics)
|
| 650 |
|
0 |
|a Rock excavation.
|
| 700 |
1 |
|
|a Shi, Gen-hua,
|d 1939-
|
| 852 |
8 |
|
|b CARM
|h A2:AK33F0
|i C03678
|p 0191710
|f BK
|
| 082 |
0 |
4 |
|a 624.1/5132
|2 19
|
| 999 |
f |
f |
|i 2826ee28-eb79-5f00-97d6-34d12de5343f
|s 77553145-11a6-55f1-8e25-70e3326f6701
|
| 952 |
f |
f |
|p Can circulate
|a CAVAL
|b CAVAL
|c CAVAL
|d CARM 1 Store
|e C03678
|f A2:AK33F0
|h Other scheme
|i book
|m 0191710
|